000 00363nam a2200145Ia 4500
008 230917s9999||||xx |||||||||||||| ||und||
040 _e1380
_aMAIN
041 _aEnglish
082 _a547.139 M332P
100 _aMarchand, Alan P, ed.
245 0 _aPericyclic reactions. V2
260 _aNew York
_bAcademic Press
_c1977
300 _axi, 327 p.
942 _cBK
999 _c182711
_d182711